| 000 | 00723nam a2200193 i 4500 | ||
|---|---|---|---|
| 001 | 48817 | ||
| 003 | ES-MaACL | ||
| 005 | 20230906161827.0 | ||
| 007 | t| | ||
| 008 | 950905s1883 fr ab |||| | fre d | ||
| 040 |
_aCAM _bspa _cCAM |
||
| 245 | 0 | 0 |
_aStatistique de l'industrie minérale et des appareils à vapeur en France et en Algérie pour l'année ... _b: avec un appendice concernant la statistique minérale internationale. |
| 260 |
_aParis : _bImprimerie Nationale, _c1883-1893. |
||
| 300 |
_a3 v. ; _c30 cm. |
||
| 505 | 8 | _aContiene los años: 1882, 1885 y 1892 | |
| 650 | 0 | 4 |
_aMinería. _915054 |
| 710 | 1 |
_aFrancia. _bDirection des Routes, de la Navigation et des Mines. _94159 |
|
| 852 |
_aES-MaACL _jC-12378-80 |
||
| 999 |
_c48817 _d48817 |
||